Suis-je dans ce pays ? #2 - Statistiques

Statistiques générales
  • Ce quiz a été pris 43 fois
  • Le résultat moyen est 27 sur 45
Statistiques - réponses
Question Tuile Select % Correct
Serbie Oui
84%
Vietnam Monnaie : Riel Non
84%
Kazakhstan Panda roux Non
84%
Paraguay Salto Non
84%
Kazakhstan Bichkek Non
81%
Egypte Mouammar Kadhafi Non
81%
Serbie Timisoara Non
81%
Egypte Benghazi Non
78%
Vietnam Hainan Non
78%
Paraguay San Miguel de Tucumán Non
78%
Paraguay Langues Officielles : Aymara, Espagnol Non
76%
Paraguay Langues Officielles : Guarani, Espagnol Oui
76%
Vietnam Luang Prabang Non
76%
Kazakhstan Omsk Non
76%
Serbie Non
73%
Vietnam Baie d'Halong Oui
70%
Paraguay Monnaie : Réal paraguayen Non
70%
Vietnam Saigon Oui
70%
Kazakhstan Oui
68%
Kazakhstan Léopard des neiges Oui
68%
Paraguay Non
62%
Serbie Non
62%
Vietnam Delta du Mékong Oui
59%
Serbie Monnaie : Kuna serbo-croate Non
59%
Paraguay Monnaie : Peso Paraguayen Oui
59%
Kazakhstan Oui
57%
Kazakhstan Almaty Oui
57%
Egypte Sinaï Oui
57%
Vietnam Oui
54%
Paraguay Chute d'Iguazú Non
54%
Egypte Maghreb Non
54%
Kazakhstan Oural Oui
54%
Egypte Non
51%
Egypte Nil bleu Non
49%
Paraguay Ciudad Del Este Oui
46%
Egypte Non
43%
Kazakhstan Altaï Oui
43%
Vietnam Oui
41%
Serbie Monnaie : Dinar serbe Oui
41%
Vietnam Hue Oui
35%
Serbie Novi Sad Oui
35%
Egypte 98% de musulmans Non
32%
Serbie Nombre de pays frontaliers : 7 Non
30%
Egypte Aéroport le + fréquenté d'Afrique Non
24%
Serbie Nombre de pays frontaliers : 8 Oui
24%
Aucun quiz correspondant
Distribution des résultats
% des personnes avec chaque résultat
Percentile par nombre de réponses
Votre historique - résultats
Vous n’avez pas pris ce quiz